[Event "54th Capablanca Memorial 2019"]
[Site "Havana"]
[Date "2019.05.03"]
[Round "1.1"]
[White "Albornoz Cabrera, Carlos Daniel"]
[Black "Sevian, Samuel"]
[Result "0-1"]
[WhiteElo "2566"]
[BlackElo "2666"]
[Annotator "RC"]
[PlyCount "89"]
[EventDate "2019.05.03"]
[EventType "tourn"]
[EventCountry "CUB"]
[SourceTitle "playchess.com"]
[Source "ChessBase"]
[SourceQuality "1"]
[TimeControl "40/5400+30:1800+30"]

1. Nf3 {[%emt 0:00:00]} d5 {[%emt 0:00:00]} 2. d4 {[%emt 0:00:30]} Nf6 {[%emt 0:00:30]} 3. c4 {[%emt 0:00:30]} e6 {[%emt 0:00:30]} 4. Nc3 {[%emt 0:00:30]} Bb4 {[%emt 0:00:30]} 5. Bg5 {[%emt 0:00:30]} h6 {[%emt 0:00:30]} 6. Bxf6 {[%emt 0:00:30]} Qxf6 {[%emt 0:00:30]} 7. Qa4+ {[%emt 0:00:30]} Nc6 {[%emt 0:00:30]} 8. e3 {[%emt 0:00:30]} O-O {[%emt 0:00:30]} 9. Bd3 {[%emt 0:00:30]} dxc4 {[%emt 0:00:30]} 10. Bxc4 {[%emt 0:00:30]} Bd7 {[%emt 0:00:30]} 11. O-O {[%emt 0:00:30]} Bxc3 {[%emt 0:00:30]} 12. bxc3 {[%emt 0:00:30]} Qe7 {[%emt 0:00:30]} 13. Qd1 {[%emt 0:00:30]} Rfd8 {[%emt 0:00:30]} 14. e4 {[%emt 0:00:30]} e5 {[%emt 0:00:30]} 15. d5 {[%emt 0:00:30]} Na5 {[%emt 0:00:30]} 16. Be2 {[%emt 0:00:30]} b6 {[%emt 0:00:30]} 17. c4 {[%emt 0:00:30]} Nb7 {[%emt 0:00:30]} 18. Qd3 {[%emt 0:00:30]} c6 {[%emt 0:00:30]} 19. Nd2 {[%emt 0:00:30]} Rac8 {[%emt 0:00:30]} 20. Nb3 {[%emt 0:00:30]} Nd6 {[%emt 0:00:30]} 21. Rac1 {[%emt 0:00:30]} cxd5 {[%emt 0:00:30]} 22. cxd5 {[%emt 0:00:30]} Qg5 {[%emt 0:00:30]} 23. g3 {[%emt 0:00:30]} f5 {[%emt 0:00:30]} 24. exf5 {[%emt 0:00:30]} Bxf5 {[%emt 0:00:30]} 25. Qd2 {[%emt 0:00:30]} Qf6 {[%emt 0:00:30]} 26. Rxc8 {[%emt 0:00:30]} Bxc8 {[%emt 0:00:30]} 27. Re1 {[%emt 0:00:30]} Bb7 {[%emt 0:00:30]} 28. Bf1 {[%emt 0:00:30]} e4 {[%emt 0:00:30]} 29. Rd1 {[%emt 0:00:30]} Nf7 {[%emt 0:00:30]} 30. Qd4 {[%emt 0:00:30]} Bxd5 {[%emt 0:00:30]} 31. Qe3 {[%emt 0:00:30]} Ne5 {[%emt 0:00:30]} 32. Bg2 {[%emt 0:00:30]} Nf3+ {[%emt 0:00:30]} 33. Kh1 {[%emt 0:00:30]} Bb7 {[%emt 0:00:30]} 34. Rxd8+ {[%emt 0:00:30]} Qxd8 {[%emt 0:00:30]} 35. Bxf3 {[%emt 0:00:30]} exf3 {[%emt 0:00:30]} 36. Nd4 {[%emt 0:00:30]} Qd5 {[%emt 0:00:30]} 37. h3 {[%emt 0:00:30]} Qe4 {[%emt 0:00:30]} 38. Qb3+ {[%emt 0:00:30]} Bd5 {[%emt 0:00:30]} 39. Qb2 {[%emt 0:00:30]} Qe2 {[%emt 0:00:30]} 40. Qc1 {[%emt 0:00:30]} Qxf2 {[%emt 0:00:30]} 41. Qc8+ {[%emt 0:30:30]} Kh7 {[%emt 0:30:30]} 42. Qf5+ {[%emt 0:00:30]} Kh8 {[%emt 0:00:30]} 43. Qf8+ {[%emt 0:00:30]} Bg8 {[%emt 0:00:30]} 44. Nxf3 {[%emt 0:00:30]} Qxg3 {[%emt 0:00:30]} 45. h4 {[%emt 0:00:30]} 0-1

[Event "54th Capablanca Memorial 2019"]
[Site "Havana"]
[Date "2019.05.03"]
[Round "1.2"]
[White "Ivanchuk, Vassily"]
[Black "Anton Guijarro, David"]
[Result "1/2-1/2"]
[WhiteElo "2677"]
[BlackElo "2667"]
[Annotator "TA"]
[PlyCount "80"]
[EventDate "2019.05.03"]
[EventType "tourn"]
[EventCountry "CUB"]
[SourceTitle "playchess.com"]
[Source "ChessBase"]
[SourceQuality "1"]

{[%evp 17,80,0,0,0,0,0,12,0,0,0,0,0,0,0,0,0,8,0,51,0,0,0,0,-11,0,0,0,0,7,7,14,14,27,0,0,0,0,0,0,0,0,0,0,0,0,0,0,0,0,0,0,0,0,-10,-7,-17,0,0,0,0,0,0,0,0,0]} 1. e4 e5 2. Nf3 Nc6 3. Nc3 Nf6 4. d4 exd4 5. Nxd4 Bb4 6. Nxc6 bxc6 7. Bd3 O-O 8. O-O d5 9. exd5 cxd5 10. h3 {C47: Scotch Four Knights and Four Knights with 4 g3} (10. Bg5 c6 11. Qf3 Bd6 12. Rae1 Rb8 13. Nd1 h6 14. Bxf6 Qxf6 15. Qxf6 gxf6 16. b3 Kg7 17. Ne3 Re8 18. Nf5+ Bxf5 19. Bxf5 Re5 20. Bd7 Rb6 21. g3 {½-½ (43) Rapport,R (2726)-Ding,L (2809) Shenzhen 2019}) 10... c6 11. Qf3 Re8 12. Bf4 Bd6 13. Rad1 Be6 14. Rfe1 Rb8 15. b3 Bxf4 16. Qxf4 Qa5 17. Qd2 Bd7 $146 (17... Qc7 $11) ({Predecessor:} 17... Qc7) 18. g4 (18. Ne4 $14 Qxd2 19. Nxf6+ gxf6 20. Rxe8+ Rxe8 21. Rxd2) 18... Qb4 19. Rxe8+ Rxe8 20. Ne2 Qb6 21. Ng3 {[#] Hoping for g5.} Be6 22. c4 h6 23. cxd5 cxd5 24. Qf4 Rc8 25. Ne2 h5 {[%cal Rh5g4] The position is equal.} 26. g5 Ne4 27. h4 Qa5 28. Nd4 Qxa2 29. g6 Rf8 30. Bxe4 dxe4 31. Nxe6 fxe6 $11 {[%mdl 4096] Endgame KQR-KQR} 32. Qe3 Qb2 33. Rd4 Qb1+ 34. Kg2 {[#] Strongly threatening Qh3.} Qc2 $1 35. Rd7 {White wants to mate with Qd4.} Qc6 36. Rd4 $1 e5 37. Qxe4 Qxe4+ 38. Rxe4 Rf6 39. Rxe5 Rxg6+ 40. Kf3 Rf6+ {Accuracy: White = 79%, Black = 68%.} 1/2-1/2

[Event "54th Capablanca Memorial 2019"]
[Site "Havana"]
[Date "2019.05.03"]
[Round "1.3"]
[White "Gonzalez Vidal, Yuri"]
[Black "Adhiban, B.."]
[Result "1/2-1/2"]
[WhiteElo "2567"]
[BlackElo "2701"]
[Annotator "TA"]
[PlyCount "86"]
[EventDate "2019.05.03"]
[EventType "tourn"]
[EventCountry "CUB"]
[SourceTitle "playchess.com"]
[Source "ChessBase"]
[SourceQuality "1"]

{[%evp 11,86,27,25,6,19,10,10,8,17,31,27,-6,0,0,12,0,0,-24,-18,-25,-34,-15,-11,-11,-11,-17,-16,-15,-10,-29,-27,-47,-28,-49,-53,-60,-64,-50,-54,-64,-70,-73,-60,-62,-64,-45,-50,-64,-66,-22,-3,-4,0,0,0,0,0,0,0,0,0,0,0,0,0,0,0,0,0,0,0,0,0,0,0,0,0]} 1. e4 c5 2. Nf3 Nc6 3. Bb5 e6 4. O-O Nge7 5. Re1 Nd4 6. Nxd4 cxd4 7. d3 {B30: Sicilian: 2...Nc6 3 Bb5, lines without ...g6} a6 8. Ba4 Nc6 9. Nd2 b5 10. Bb3 Bb7 11. Nf3 Qc7 $146 ({Predecessor:} 11... Qb6 12. Bf4 Bb4 13. Nd2 O-O 14. a3 Be7 {1-0 (41) Harikrishna,P (2725)-Fedorov,A (2555) Czechia 2015}) 12. Bd2 h6 13. c3 Bc5 14. Rc1 {[#] Threatens to win with cxd4.} Qb6 $1 15. cxd4 Nxd4 16. Be3 {aiming for Rxc5!} Nxb3 17. Qxb3 Bxe3 18. fxe3 O-O 19. Qb4 Rfc8 {Strongly threatening ...Rxc1.} 20. Rc3 Rxc3 21. bxc3 Qc7 22. Rb1 a5 23. Qxb5 Ba6 24. Qe5 Qxe5 25. Nxe5 $15 {[%mdl 4096] Endgame KRB-KRN} d6 26. Nc4 Bxc4 $1 27. dxc4 $17 {KR-KR} Rc8 28. Rb5 Rxc4 29. Rxa5 Rxe4 30. Kf2 f5 {The position is equal.} 31. Ra6 d5 32. Rb6 Kf7 33. Rb4 Rxb4 34. cxb4 $11 {[%cal Bc3b4,Bb4b5][%mdl 32] KP-KP} Ke7 35. a4 Kd6 36. a5 Kc6 37. a6 Kb6 {[#]} 38. b5 $1 {[%mdl 512]} g5 (38... Kxb5 39. a7) 39. g3 e5 40. Ke2 h5 41. Kd2 Ka7 42. Ke2 Kb6 43. Kd2 Ka7 {Accuracy: White = 70%, Black = 86%.} 1/2-1/2

[Event "54th Capablanca Memorial 2019"]
[Site "Havana"]
[Date "2019.05.04"]
[Round "2.1"]
[White "Anton Guijarro, David"]
[Black "Sevian, Samuel"]
[Result "1/2-1/2"]
[WhiteElo "2667"]
[BlackElo "2666"]
[Annotator "TA"]
[PlyCount "128"]
[EventDate "2019.05.03"]
[EventType "tourn"]
[EventCountry "CUB"]
[SourceTitle "playchess.com"]
[Source "ChessBase"]
[SourceQuality "1"]

{[%evp 9,128,43,43,41,53,14,33,29,29,12,27,7,21,12,33,-14,-20,-13,-10,-93,-102,-100,-90,-90,-93,-95,-62,-66,-61,-97,-91,-97,-83,-95,-87,-114,-112,-121,-120,-132,-122,-139,-126,-131,-132,-132,-132,-132,-132,-132,-132,-122,-119,-140,-102,-140,-142,-153,-147,-158,-134,-139,-120,-135,0,-139,-120,-140,-126,-137,-126,-127,-52,-126,-88,-129,-129,-135,-135,-137,-106,-101,-96,-104,-62,-54,0,0,0,0,0,0,0,0,0,0,0,0,0,0,0,0,0,0,0,0,0,-8,-8,-8,-8,-8,-8,-8,-8,-8,-8,-8,-8,-8,-8]} 1. c4 e5 2. Nc3 Nf6 3. Nf3 Nc6 4. e4 g6 5. d4 exd4 6. Nxd4 {A28: English Opening: Four Knights Variation} Bg7 7. Nxc6 dxc6 8. Qxd8+ {White is slightly better.} Kxd8 9. Bf4 Be6 10. Be5 $146 ({Predecessor:} 10. O-O-O+ Nd7 11. Be2 Bxc3 12. bxc3 Kc8 {½-½ (63) Nepomniachtchi,I (2751)-Adhiban,B (2677) Tbilisi 2017}) 10... Re8 11. f4 Bd7 12. Bxf6+ Bxf6 13. e5 Bg7 14. O-O-O (14. Bd3 $11 {keeps the balance.}) 14... Bh6 $1 $17 15. g3 Rxe5 $1 16. Bh3 {[#]} f5 $1 17. Rd2 Re6 18. Rhd1 Rd6 $1 19. Ne4 Rxd2 ({Not} 19... fxe4 20. Rxd6 cxd6 21. Rxd6 $16) 20. Rxd2 {And now Nc5 would win.} Ke7 21. Nc5 {[#]} Bc8 $1 22. Kc2 Bf8 23. b3 a5 24. a4 Kf7 25. Nd3 Kg7 26. Bg2 Be6 27. Re2 Kf6 28. Bf3 Bd6 29. Kc3 h6 30. h4 Rg8 31. Rh2 Bc8 32. Rh1 Re8 33. Kd2 Bf8 34. Re1 Rd8 {Strongly threatening ...Bb4+.} 35. Kc2 Bd6 36. Rh1 Re8 37. Kd2 $1 Bd7 38. Rc1 Rd8 39. Kc2 Rg8 40. Rh1 Be8 ({Better is} 40... Re8 $17 41. Kd2 Be6) 41. Kc3 ({White should try} 41. c5 $15 Be7 42. b4) 41... Bf7 42. Kc2 g5 43. hxg5+ hxg5 44. Kd2 gxf4 45. gxf4 Rg3 46. Ke2 {[#]} b5 $1 {[%mdl 512]} 47. Kf2 (47. axb5 cxb5) 47... Rxf3+ (47... Rg8 $15 48. c5 Bf8 49. Bxc6 b4) 48. Kxf3 $11 {The position is equal.} bxc4 49. bxc4 Bxc4 $15 {[%mdl 4096] Endgame Threatens to win with ...Bd5+. KRN-KB} 50. Ke3 Bb3 51. Rc1 Bxa4 52. Ra1 Bb5 53. Rxa5 Ke6 54. Kd4 Bxd3 55. Kxd3 Bxf4 $11 {KR-KB} 56. Rc5 Be5 57. Rxc6+ Kd5 58. Ra6 c5 59. Ra8 c4+ 60. Ke3 f4+ 61. Kf3 c3 62. Rc8 Kd4 63. Rd8+ Kc4 64. Ke4 {[#]} f3 $1 {[%mdl 512] Accuracy: White = 35%, Black = 70%.} 1/2-1/2

[Event "54th Capablanca Memorial 2019"]
[Site "Havana"]
[Date "2019.05.04"]
[Round "2.2"]
[White "Adhiban, B.."]
[Black "Albornoz Cabrera, Carlos Daniel"]
[Result "1-0"]
[WhiteElo "2701"]
[BlackElo "2566"]
[Annotator "TA"]
[PlyCount "46"]
[EventDate "2019.05.03"]
[EventType "tourn"]
[EventCountry "CUB"]
[SourceTitle "playchess.com"]
[Source "ChessBase"]
[SourceQuality "1"]

{[%evp 15,46,15,13,6,79,89,79,85,130,130,131,118,194,210,198,178,253,239,441,424,442,441,416,427,447,437,437,443,454,452,403,404,1912]} 1. c4 Nf6 2. Nc3 e6 3. Nf3 d5 4. e3 c5 5. d4 dxc4 6. Bxc4 a6 7. O-O b5 8. Bb3 Bb7 9. e4 {D27: Queen's Gambit Accepted: Classical main line: 7 e4!? and 7 a4} Nxe4 (9... cxd4 $11 {remains equal.} 10. Nxd4 Nbd7) (9... cxd4 10. Nxd4 Nc6 11. Nxc6 Qxd1 12. Rxd1 Bxc6 13. f3 Bc5+ 14. Kf1 Ke7 15. Ne2 Rhd8 16. Bg5 Rxd1+ 17. Rxd1 {1-0 (45) Artemiev,V (2736)-Izoria,Z (2603) Astana 2019}) 10. Nxe4 $16 Bxe4 11. Re1 {White is better.} Bd5 12. dxc5 $1 Bxb3 13. Qxb3 {Strongly threatening Ng5.} (13. axb3 Qxd1 14. Rxd1 Bxc5 $11) 13... Nd7 $146 (13... Be7 $16 {was called for.}) ({Predecessor:} 13... Be7 14. a4 Nc6 15. axb5 axb5 16. Rxa8 Qxa8 17. Qxb5 {1-0 (26) Kvon,A (2509)-Izzat,K (2496) Melbourne 2018}) 14. Bg5 $1 $18 {[%cal Rg5d8]} Nxc5 {[#]} 15. Qc3 $1 $36 {[%mdl 2048] White is in control.} Qd3 {[#]} (15... Qc8 {might work better.} 16. Rad1 Nd7) 16. Qa5 $1 f6 $2 (16... Qd6 {keeps fighting.} 17. Rad1 Nb7) 17. Rad1 Qf5 18. Qc7 {Hoping for Nd4.} Be7 19. Nd4 Qxg5 20. Nxe6 Nxe6 21. Qc6+ ({Weaker is} 21. Rxe6 O-O $14) 21... Kf7 22. Qxe6+ {[%mdl 64] Double Attack} Kg6 23. Rd5 ({Not} 23. Qxe7 Rae8 $14) 23... Bf8 (23... Qxd5 $142 24. Qxd5 Ra7 25. Qe4+ Kf7 26. Qd5+ Kg6 27. Qe4+ Kf7 28. Qe6+ Kg6) 1-0

[Event "54th Capablanca Memorial 2019"]
[Site "Havana"]
[Date "2019.05.04"]
[Round "2.3"]
[White "Ivanchuk, Vassily"]
[Black "Gonzalez Vidal, Yuri"]
[Result "1-0"]
[WhiteElo "2677"]
[BlackElo "2567"]
[Annotator "TA"]
[PlyCount "83"]
[EventDate "2019.05.03"]
[EventType "tourn"]
[EventCountry "CUB"]
[SourceTitle "playchess.com"]
[Source "ChessBase"]
[SourceQuality "1"]

{[%evp 9,83,-4,0,0,0,0,0,0,0,0,0,0,0,0,0,-4,0,-11,0,-15,6,14,15,13,16,0,0,0,0,4,5,0,70,70,72,72,72,73,105,0,66,55,77,77,80,86,84,84,101,72,85,74,102,84,157,157,265,242,226,174,159,159,159,149,178,37,506,489,888,387,387,387,387,387,325,325]} 1. d4 Nf6 2. Nf3 e6 3. g3 d5 4. Bg2 b5 5. Bg5 (5. O-O Bb7 6. a4 b4 7. a5 Be7 8. c3 O-O 9. cxb4 Bxb4 10. Qb3 Qe7 11. Bd2 Na6 12. Rc1 Rab8 13. Bxb4 Nxb4 {½-½ (25) Meier,G (2628)-Vallejo Pons,F (2693) Karlsruhe/Baden Baden 2019}) 5... Bb7 6. Nbd2 {A46: 1 d4 Nf6 2 Nf3 e6: Torre, London and Colle Systems} c5 7. c3 Nbd7 8. O-O $146 {The position is equal.} ({Predecessor:} 8. Ne5 Qb6 9. Bxf6 Nxf6 10. a4 Bd6 11. dxc5 Bxc5 12. Nd3 Be7 13. axb5 Qxb5 {½-½ (46) Kosic,D (2500)-Drasko,M (2536) Podgorica 2008}) 8... Be7 9. Ne5 O-O 10. Nxd7 Nxd7 11. Bxe7 Qxe7 12. e3 a5 13. Re1 Nb6 14. Rc1 Nc4 15. Nxc4 dxc4 16. Bxb7 Qxb7 17. a4 bxa4 18. Qxa4 Qxb2 19. Rb1 Qxc3 20. dxc5 Rfc8 (20... Rfb8 $11) 21. c6 $36 {[%mdl 3072] White has compensation. White fights for an advantage.} h6 22. Rec1 Qd3 23. Rb7 ({Reject} 23. Qxc4 Qxc4 24. Rxc4 a4 $11) 23... c3 24. Rb3 ({Better is} 24. Rd7 $16 Qe2 25. Rc2 Qe1+ 26. Kg2) 24... Rc7 (24... Qd6 $11) 25. Rbxc3 Qd6 26. Rc4 Kh7 27. h4 Qd5 28. Rc5 Qd6 29. h5 Rac8 30. Qa2 f6 31. Qa4 Kg8 (31... e5 $142) 32. Qxa5 $16 e5 (32... Kh8 $16 33. Qa4 Qe7) 33. Rd5 $18 Qe7 34. Qb5 Qe6 35. Qb3 {And now Rd8+! would win.} Kh7 36. Qc2+ Kg8 37. Rcd1 (37. Rc5 $18) 37... e4 $2 {[%mdl 8192]} ({Black should play} 37... Qe8 $1 $14) 38. Rd8+ Kh7 (38... Rxd8 $142 39. Rxd8+ Kf7) 39. Rxc8 (39. Qc5 $142 {Intending Qf8 and mate.} Qg4 {[#]} 40. Qc4 $1 {[%mdl 512]} Qxd1+ 41. Rxd1 Rxc6 42. Qxe4+ Kg8 43. Qe7) 39... Rxc8 40. c7 {[#] Black must now prevent Rd8.} Qe7 41. Rc1 Kg8 42. Qc6 {Accuracy: White = 60%, Black = 48%.} 1-0

[Event "54th Capablanca Memorial 2019"]
[Site "Havana"]
[Date "2019.05.05"]
[Round "3.1"]
[White "Gonzalez Vidal, Yuri"]
[Black "Anton Guijarro, David"]
[Result "1/2-1/2"]
[WhiteElo "2567"]
[BlackElo "2667"]
[Annotator "RC"]
[PlyCount "58"]
[EventDate "2019.05.03"]
[EventType "tourn"]
[EventCountry "CUB"]
[SourceTitle "playchess.com"]
[Source "ChessBase"]
[SourceQuality "1"]
[TimeControl "40/5400+30:1800+30"]

1. e4 e5 2. Nf3 Nc6 3. Nc3 Nf6 4. d4 exd4 5. Nxd4 Bb4 6. Nxc6 bxc6 7. Bd3 d5 8. exd5 O-O 9. O-O Bg4 10. Ne2 cxd5 11. h3 Bh5 12. c4 d4 13. Qc2 Bxe2 14. Qxe2 c5 15. Bg5 Re8 16. Qf3 h6 17. Bh4 Qd6 18. a3 Ba5 19. Bxf6 Qxf6 20. Qxf6 gxf6 21. Rfb1 Rab8 22. b4 cxb4 23. axb4 Rxb4 24. Rxa5 Rxb1+ 25. Bxb1 Re1+ 26. Kh2 Rxb1 27. Rxa7 Rc1 28. Rc7 d3 29. Rd7 Rxc4 1/2-1/2

[Event "54th Capablanca Memorial 2019"]
[Site "Havana"]
[Date "2019.05.05"]
[Round "3.2"]
[White "Albornoz Cabrera, Carlos Daniel"]
[Black "Ivanchuk, Vassily"]
[Result "0-1"]
[WhiteElo "2566"]
[BlackElo "2677"]
[Annotator "TA"]
[PlyCount "76"]
[EventDate "2019.05.03"]
[EventType "tourn"]
[EventCountry "CUB"]
[SourceTitle "playchess.com"]
[Source "ChessBase"]
[SourceQuality "1"]

{[%evp 19,76,12,14,0,14,4,0,8,0,0,-4,-19,-16,-16,-10,-19,-9,-19,-6,-9,-9,-16,0,0,0,-11,-8,-22,-13,-24,-20,-31,-29,-53,-38,-43,-29,-57,-52,-63,-39,-158,-39,-46,-41,-41,-41,-66,-34,-40,-11,-31,-4,-71,-42,-280,-59,-276,-257]} 1. e4 e5 2. Nf3 Nf6 3. Nxe5 d6 4. Nf3 Nxe4 5. Qe2 Qe7 6. d3 Nf6 7. Bg5 Qxe2+ 8. Bxe2 Be7 9. Nc3 h6 10. Bh4 Nc6 11. O-O-O {C42: Petroff Defence: 3 Nxe5 and unusual White 3rd moves} Be6 (11... Bd7 12. h3 O-O-O 13. d4 Rde8 14. Bc4 Rhf8 15. Bg3 Bd8 16. d5 Ne7 17. Bh2 a6 18. a3 Ng6 19. Rhe1 Rxe1 20. Rxe1 Re8 21. Rxe8 Nxe8 22. Kd2 Nh4 23. Nxh4 {½-½ (23) Short,N (2683)-Anand,V (2769) Wijk aan Zee 2000}) 12. d4 {[#] aiming for d5.} Nd5 13. Nxd5 {The position is equal.} Bxd5 14. Bxe7 Kxe7 $146 ({Predecessor:} 14... Nxe7 15. c4 Be4 16. Rde1 d5 17. Nd2 Rd8 18. Nxe4 dxe4 19. d5 c6 20. dxc6 Nxc6 21. Bg4 Rd4 22. Bf5 Rxc4+ 23. Kb1 Kd8 24. Bxe4 Re8 25. Bd5 Rxe1+ {½-½ (25) Gaujens,A (2232)-Schaefer,U (2293) ICCF email 2012}) 15. Nh4 Rhe8 (15... Bxa2 $6 16. b3 $16) 16. Bf3 Bxf3 ({Reject} 16... Bxa2 $6 17. b3 $16) 17. Nxf3 Kd7 18. Rhe1 Rxe1 19. Rxe1 $11 {[%mdl 4096] Endgame KRN-KRN} b5 20. c3 a5 21. Kc2 a4 22. Kd3 Ne7 23. Nd2 g5 24. g3 f5 25. Nf3 Nd5 26. Nd2 f4 27. Ne4 Rf8 28. Rh1 Kc6 29. Re1 g4 30. a3 {[#]} (30. Nd2 $15) 30... h5 (30... Nb6 $1 $17 31. Nd2 h5) 31. Nd2 $15 Kd7 32. Re4 Rf7 33. Re1 Ne7 34. Ne4 Ng6 35. Nd2 d5 36. Rf1 (36. b3 $11 {keeps the balance.}) 36... Re7 $17 37. f3 $2 (37. b3 $15) 37... Re3+ 38. Kc2 Re2 {Accuracy: White = 32%, Black = 49%.} 0-1

[Event "54th Capablanca Memorial 2019"]
[Site "Havana"]
[Date "2019.05.05"]
[Round "3.3"]
[White "Sevian, Samuel"]
[Black "Adhiban, B.."]
[Result "1-0"]
[WhiteElo "2666"]
[BlackElo "2701"]
[Annotator "TA"]
[PlyCount "79"]
[EventDate "2019.05.03"]
[EventType "tourn"]
[EventCountry "CUB"]
[SourceTitle "playchess.com"]
[Source "ChessBase"]
[SourceQuality "1"]

{[%evp 12,79,28,0,0,13,37,3,0,8,6,27,35,0,0,-13,-9,-15,-22,-27,-24,-28,-21,-39,120,130,121,90,95,110,233,237,242,215,204,198,440,435,397,235,242,241,238,229,243,245,283,302,299,302,300,303,294,300,302,294,314,281,430,427,438,421,425,424,529,514,645,655,641,632]} 1. e4 c5 2. Nf3 d6 3. d4 cxd4 4. Nxd4 Nf6 5. Nc3 a6 6. h3 e5 7. Nb3 Be6 {B90: Sicilian Najdorf: Unusual White 6th moves, 6 Be3 Ng4 and 6 Be3 e5} 8. f4 g6 9. Be2 Nbd7 {The position is equal.} 10. O-O Rc8 11. Be3 Be7 12. a4 $146 ({Predecessor:} 12. Qe1 exf4 13. Bxf4 O-O 14. Rd1 Ne8 15. Kh1 {0-1 (40) Gabuzyan,H (2570)-Areshchenko,A (2677) Minsk 2017}) 12... exf4 13. Rxf4 Ne5 14. Nd4 O-O 15. Nxe6 fxe6 16. a5 Nfd7 17. Bg4 Kg7 $2 (17... Rxf4 $15 {stays ahead.} 18. Bxf4 Nc5) 18. Bxe6 $16 {Rxf8 is the strong threat.} Bg5 19. Qd2 $36 {[%mdl 2048] Keeping Black busy.} ({Wrong is} 19. Qxd6 $2 Rc6 $19) 19... Bxf4 20. Bxf4 Qh4 (20... Rxf4 $16 21. Qxf4 Qf6 22. Qxf6+ Kxf6) 21. Bxe5+ $1 $18 Nxe5 22. Bxc8 Rxc8 23. Qxd6 Qg5 $2 (23... Qf6 24. Qb4 Qc6 25. Qe7+ Nf7) 24. Rf1 Kh6 25. Rf5 (25. Nd5 $142) 25... Nc4 26. Rxg5 {[#] White threatens Qf4 and mate.} Nxd6 {[%mdl 4096] Endgame KRN-KRN} 27. Rd5 Nc4 28. Nd1 Re8 29. b3 Na3 30. Ne3 Rxe4 31. Ng4+ Kg7 32. Rd7+ {[%mdl 64] [#] Double Attack} Kf8 33. Rxh7 ({Don't take} 33. Rxb7 $6 Nxc2 34. Rxh7 Re6 $18) 33... Nxc2 34. Rxb7 Nb4 (34... Re6 $142 35. b4 Ke8) 35. Nf6 {White is clearly winning.} Re1+ 36. Kh2 Nd3 37. Rb6 Kf7 38. Rxa6 Nc5 39. Rb6 Rb1 40. Nd5 {Accuracy: White = 67%, Black = 39%.} 1-0

[Event "54th Capablanca Memorial 2019"]
[Site "Havana"]
[Date "2019.05.06"]
[Round "4.1"]
[White "Anton Guijarro, David"]
[Black "Adhiban, B.."]
[Result "1-0"]
[WhiteElo "2667"]
[BlackElo "2701"]
[Annotator "TA"]
[PlyCount "89"]
[EventDate "2019.05.03"]
[EventType "tourn"]
[EventCountry "CUB"]
[SourceTitle "playchess.com"]
[Source "ChessBase"]
[SourceQuality "1"]

{[%evp 9,89,45,52,45,54,45,52,50,66,25,28,0,0,0,45,25,40,49,44,35,98,91,86,60,80,75,81,81,79,78,84,87,97,79,103,74,76,72,76,70,86,51,62,28,90,89,91,83,113,45,30,29,50,50,58,31,50,55,47,48,166,168,158,140,352,327,522,436,641,622,855,764,741,437,438,438,400,401,733,692,581,575]} 1. d4 Nf6 2. c4 g6 3. Nc3 Bg7 4. e4 d6 5. h3 Nbd7 6. Be3 {E71: King's Indian: 4 e4 d6 5 h3} (6. Nf3 e5 7. d5 Nc5 8. Qc2 a5 9. Be3 O-O 10. O-O-O Nh5 11. g3 f5 12. Bxc5 dxc5 13. Be2 Nf6 14. Nd2 Ne8 15. exf5 gxf5 16. g4 Nd6 17. Rhg1 Kh8 18. gxf5 Bxf5 {0-1 (34) Paravyan,D (2634)-Grischuk,A (2771) St Petersburg 2018}) 6... e5 7. d5 Nc5 8. Qc2 {White is slightly better.} O-O 9. g4 c6 10. g5 $146 ({Predecessor:} 10. Nge2 cxd5 11. cxd5 Qa5 12. Ng3 Bd7 13. Rb1 Na4 {1-0 (50) Henriquez Villagra,C (2543)-Rodriguez Vila,A (2480) Montevideo 2019}) 10... Nh5 11. O-O-O cxd5 12. Nxd5 Ne6 13. h4 Bd7 14. Kb1 Nhf4 {[#]} ({Better is} 14... Rc8 $14) 15. Ne2 $1 $16 {[%cal Rd5f4]} Nxd5 16. cxd5 Rc8 17. Qd2 Nc5 18. Ng3 f5 {[#]} 19. gxf6 $1 Bxf6 20. h5 g5 21. h6 Kh8 22. f3 Be7 23. Be2 a5 24. Rc1 b6 25. Rcg1 Rg8 26. Nh5 g4 (26... Rg6 $11) 27. Bxc5 bxc5 28. f4 Rb8 29. fxe5 (29. Qc3 $16 Bf6 30. Nxf6 Qxf6 31. fxe5 Qxe5 32. Qxe5+ dxe5 33. Rh5) 29... dxe5 $14 30. Qc3 Bd6 31. Ng7 Qg5 32. Ne6 $1 {[%cal Re6g5]} Bxe6 $1 33. dxe6 g3 {White should prevent ...Qf4.} 34. Rh3 $36 {[%cal Rh3g3][%mdl 2048] Black is under pressure.} Qf4 (34... g2 $14) 35. Rhxg3 $18 Qxe4+ 36. Qc2 Qxc2+ $2 (36... Qf4 $16 37. Rxg8+ Rxg8 38. Rxg8+ Kxg8) 37. Kxc2 e4 (37... Rg6 $142 38. Rxg6 hxg6 39. Rxg6 e4) 38. Rg7 Rge8 (38... c4 $142 39. R1g4 (39. Bxc4 Be7 $18) 39... c3 40. bxc3 Rbe8) 39. Bc4 Bf4 40. e7 {Rg8+! would kill now.} Bd6 41. Bf7 Bxe7 42. Bxe8 Rxe8 43. R7g4 Bd8 (43... Bd6 $142 44. Re1 e3) 44. Re1 e3 45. Rg3 {Accuracy: White = 74%, Black = 48%.} 1-0

[Event "54th Capablanca Memorial 2019"]
[Site "Havana"]
[Date "2019.05.06"]
[Round "4.2"]
[White "Ivanchuk, Vassily"]
[Black "Sevian, Samuel"]
[Result "1/2-1/2"]
[WhiteElo "2677"]
[BlackElo "2666"]
[Annotator "TA"]
[PlyCount "47"]
[EventDate "2019.05.03"]
[EventType "tourn"]
[EventCountry "CUB"]
[SourceTitle "playchess.com"]
[Source "ChessBase"]
[SourceQuality "1"]

{[%evp 15,47,-11,-13,-4,0,0,0,-12,13,0,2,0,0,-6,-8,-11,0,0,0,-14,0,-6,0,-29,-22,-21,-16,-19,-25,-41,0,-32,0,-48]} 1. d4 Nf6 2. c4 e6 3. Nc3 Bb4 4. e3 O-O 5. Bd3 d5 6. cxd5 exd5 7. Nge2 Bd6 8. O-O Re8 9. Bd2 {E48: Nimzo-Indian: Rubinstein: 5 Bd3 d5 including 6 Ne2, but excluding 6 a3} c6 (9... Nbd7 10. Rc1 a6 11. Ng3 Nf8 12. Nce2 Ne4 13. Be1 c6 14. a4 Nxg3 15. Nxg3 a5 16. Qb3 g6 {½-½ (50) Yu,Y (2765)-Leko,P (2690) Porto Carras 2018}) 10. f3 c5 11. Rc1 a6 12. Kh1 $146 ({Predecessor:} 12. Qe1 Nc6 13. Qf2 b6 14. g4 h6 15. Kh1 Ra7 {1-0 (56) Milanovic,D (2480)-Perunovic,M (2459) Valjevo 2012}) 12... Nc6 13. Bb1 cxd4 14. exd4 Nh5 15. g3 g6 16. Bh6 ({Don't play} 16. Nxd5 Bxg3 17. Nxg3 Nxg3+ 18. hxg3 Qxd5 $17) 16... Be6 17. Qd2 Rc8 18. Bg5 f6 19. Be3 Na5 {[#] Threatens to win with ...Nc4.} 20. b3 Ba3 21. Rcd1 Bb4 22. Rc1 Ba3 23. Rcd1 Bb4 24. Rc1 {Accuracy: White = 64%, Black = 58%.} 1/2-1/2